• 首页
  • 本馆介绍
  • 公告通知
  • 最新文献
  • 馆藏检索
  • 电子资源
  • 读者导购
  • 参考咨询
  • 我的图书馆
  • 登录
  • 详细信息显示
  • 放入我的书架
  • 预约/预借图书
  • 作者相关作品
  • 分类相关作品
  • 丛书相关作品
  • 出版社相关作品

书目信息

  • 表格格式
  • 工作单格式
  • 卡片格式
题名:
花园别墅外观3
    
 
作者: 周厚高 主编
分册:  
出版信息: 武汉   华中理工大学出版社  2012.02
页数: 96页
开本: 26cm
丛书名:
单 册:
中图分类: TU241.1-64
科图分类:
主题词: 民用建筑--建筑设计
电子资源:
ISBN: 978-7-5609-7293-0
000 00582nam0 2200193 450
001 415
005 20160906090104.32
010    @a978-7-5609-7293-0@dCNY39.80
100    @a20160722d2012 km y0chiy0120 ea
101 0  @achi
102    @aCN@b420000
200 1  @a花园别墅外观3@Ahua yuan bie shu wai guan 3@f周厚高主编@Fzhou hou gao zhu bian
210    @a武汉@c华中理工大学出版社@d2012.02
215    @a96页@d26cm
606 0  @a民用建筑@x建筑设计
690    @aTU241.1-64@v4
701  0 @a周厚高@Azhou hou gao@4主编
801  0 @aCN@b唐山师范学院图书馆@c20160722
905    @aZUCC@dTU241.1-64@e735
    
    花园别墅外观3/周厚高主编.-武汉:华中理工大学出版社,2012.02
    96页;26cm
    
    
    ISBN 978-7-5609-7293-0:CNY39.80
    
●
相关链接 在E读中查询图书 在五车中查询图书 在当当中查询图书 在豆瓣中查询图书


正题名:花园别墅外观3     索取号:TU241.1-64/735         预约/预借

序号 登录号 条形码 馆藏地/架位号 状态 备注
1 901737   209017375   第二样本阅览室/ [索取号:TU241.1-64/735] 在馆    
2 901738   209017384   第三借阅区/ [索取号:TU241.1-64/735] 在馆    
3 901739   209017393   第三借阅区/ [索取号:TU241.1-64/735] 在馆    
4 901740   209017400   第三借阅区/ [索取号:TU241.1-64/735] 在馆    
5 901741   209017419   第三借阅区/ [索取号:TU241.1-64/735] 在馆    
唐山师范学院图书馆 欢迎您!
大连网信软件有限公司© 版权所有